All Don Toliver songs (2026) - Statistics

General Stats
  • This quiz has been taken 27 times
  • The average score is 45 of 105
Answer Stats
Hint Answer % Correct
OCTANE> E85
100%
Body
92%
ft. Yeat Rendezvous
92%
ft. Travis Scott Rosary
92%
Love Sick> No Pole
83%
ft. Rema Secondhand
83%
Sweet Home
83%
TORE UP
83%
ft. Travis Scott You
83%
BANDIT
75%
ft. Justin Bieber &Future Private Landing
75%
ATM
67%
Call Back
67%
Cardigan
67%
Excavator
67%
Gemstone
67%
ft. Travis Scott ICE AGE
67%
ft. SahBabii K9
67%
HARDSTONE PSYCHO> KRYPTONITE
67%
Long Way To Calabasas
67%
NEW DROP
67%
No Idea
67%
ft. Kali Uchis 4 Me
58%
ft. Teezo Touchdown All The Signs
58%
ft. Kodak Black BROTHER STONE
58%
LoveSickness
58%
Tiramisu
58%
After Party
50%
Company
50%
Company, Pt. 2
50%
Company Pt. 3
50%
DEEP IN THE WATER
50%
ft. Kaash Paige &Travis Scott Euphoria
50%
ft. Travis Scott Flocky Flocky
50%
ft. Yeat GEEKED UP
50%
ft. Offset & Quavo Had Enough
50%
HARDSTONE NATIONAL ANTHEM
50%
Heaven Or Hell> Heaven or Hell
50%
ft. Lil Durk & GloRilla Leave the Club
50%
ft. Future & Metro Boomin PURPLE RAIN
50%
ft. HVN & SoFaygo Smoke
50%
TMU
50%
4X4
42%
5 TO 10
42%
ft. Charlie Wilson &Cash Cobain ATTITUDE
42%
ft. Brent Faiyaz Bus Stop
42%
Donny Womack> Diamonds
42%
Diva
42%
ft. Lil Uzi Vert DONNY DARKO
42%
ft. Kali Uchis Drugs N Hella Melodies
42%
ft. Travis Scott Embarrassed
42%
single FWU
42%
ft. TisaKorean Go Down
42%
ft. Travis Scott INSIDE
42%
Leather Coat
42%
ft. Teezo Touchdown Luckily I'm Having
42%
OPPOSITE
42%
ft. Baby Keem OUTERSPACE
42%
Pleasure's Mine
42%
ft. Sheck Wes Spaceship
42%
Tuition
42%
Way Bigger
42%
5X
33%
ft. Teezo Touchdown BACKSTREETS
33%
Candy
33%
Can't Feel My Legs
33%
ft. Toro y Moi Cinderella
33%
Crossfaded
33%
GLOCK
33%
Honeymoon
33%
LAST LAUGH
33%
LOVE IS A DRUG
33%
ROCKSTAR GIRL
33%
Swangin' On Westheimer
33%
Time Heals All
33%
Life of a DON> XSCAPE
33%
Amg
25%
BOGUS
25%
single; Scream Soundtrack Creepin
25%
Geronimo
25%
ft. Dice Soho Holdin' Steel
25%
ft. Charlie Wilson If I Had
25%
ft. James Blake Let Her Go
25%
No Photos
25%
ft. Wizkid Slow Motion
25%
Video Girl
25%
Wasted
25%
What You Need
25%
2AM
17%
2 Lil Shorty
17%
Around
17%
Backend
17%
Bang Bang
17%
Do It Right
17%
Double Standards
17%
Encouragement
17%
Issues
17%
Mamma Mia
17%
Run Up
17%
single; ft. Wiz Khalifa Back Up
8%
single Best You Had
8%
Get Throwed
8%
single I Gotta
8%
single Situation
8%
Talk No More
0%
No matching quizzes found
Score Distribution
Percent of People with Each Score
Percentile by Number Answered
Your Score History
You have not taken this quiz